00261nam a2200097Ia 4500008004100000082000800041100002200049245007100071942000600142999001500148240331s9999 xx 000 0 und d bCIT aOommen, T.K, . ed 0aCitizenship and national identity :bfrom colonialism to globalism cL c2312d2312